[Event "Ustron op-C"]
[Site "Ustron"]
[Date "2021.08.14"]
[Round "1"]
[White "Mainka, Anna"]
[Black "Kieca, Aleksandra"]
[Result "0-1"]
[WhiteElo "1208"]
[BlackElo "1575"]
[PlyCount "61"]
[EventDate "2021.08.13"]
[EventType "swiss"]
[EventRounds "9"]
[EventCountry "POL"]
[SourceTitle "EXT 2022"]
[Source "ChessBase"]
[SourceDate "2021.10.06"]
[SourceVersion "1"]
[SourceVersionDate "2021.10.06"]
[SourceQuality "1"]

1. e4 c5 2. Nf3 e6 3. d4 cxd4 4. Nxd4 a6 5. Bd3 Nc6 6. Nxc6 dxc6 7. 0-0 e5 8. Nd2 Nf6 9. Nc4 Qc7 10. Bd2 Bc5 11. Bc3 Bd6 12. Qf3 0-0 13. Qg3 Re8 14. h3 b5 15. Ne3 Qe7 16. a4 Bd7 17. Rfe1 Bb4 18. Bxb4 Qxb4 19. b3 Rad8 20. axb5 axb5 21. f3 Qd4 22. Kf1 Be6 23. Rad1 Qc5 24. Qg5 h6 25. Qh4 Rd7 26. Ke2 Red8 27. Ra1 Bxb3 28. cxb3 Rxd3 29. Kf2 Rxe3 30. Rxe3 Rd2+ 31. Ke1 0-1

[Event "POL-chT U20 2nd League"]
[Site "Sypniewo"]
[Date "2020.??.??"]
[Round "6.18"]
[White "Wieczorek, Maja"]
[Black "Mainka, Anna"]
[Result "1-0"]
[WhiteElo "1141"]
[BlackElo "1280"]
[PlyCount "131"]
[EventDate "2020.10.23"]
[EventType "team-swiss"]
[EventRounds "9"]
[EventCountry "POL"]
[SourceTitle "CBM 199 Extra"]
[Source "ChessBase"]
[SourceDate "2021.01.31"]
[SourceVersion "1"]
[SourceVersionDate "2021.01.31"]
[SourceQuality "1"]

1. d4 d5 2. c4 e6 3. cxd5 exd5 4. Nf3 Nf6 5. Nc3 c6 6. Bg5 Be7 7. e3 Bg4 8. h3 Bh5 9. Bd3 Nbd7 10. 0-0 0-0 11. Rb1 Ne4 12. Bf4 Bxf3 13. gxf3 Ng5 14. Bxg5 Bxg5 15. f4 Be7 16. Kh1 Nf6 17. Rg1 Qd7 18. Qf3 Rfe8 19. Qg3 Bf8 20. Rg2 g6 21. f5 Bg7 22. Rbg1 Ne4 23. Nxe4 dxe4 24. fxg6 hxg6 25. Bc4 Kf8 26. h4 c5 27. h5 cxd4 28. hxg6 fxg6 29. Qf4+ Ke7 30. Qf7+ Kd8 31. Qxd7+ Kxd7 32. Bb5+ Kc7 33. Bxe8 Rxe8 34. Rxg6 Be5 35. exd4 Rh8+ 36. Kg2 Rh2+ 37. Kf1 Bxd4 38. R6g2 Rh6 39. Rg4 Re6 40. b3 Rf6 41. R1g2 Re6 42. Ke2 Kc6 43. Rg6 Bf6 44. R2g4 Kd5 45. Rf4 Ke5 46. Ke3 Rc6 47. Rxe4+ Kf5 48. Rgg4 Rc3+ 49. Ke2 Rc2+ 50. Kf3 Rxa2 51. Rgf4+ Kg5 52. Rb4 b6 53. Rb5+ Kg6 54. Kg4 Ra1 55. Rbf5 Bd8 56. Rf8 Bc7 57. R4f6+ Kg7 58. R6f7+ Kh6 59. Rxc7 Rg1+ 60. Kf3 Rg6 61. Rh8+ Kg5 62. Rc4 Rf6+ 63. Kg3 Kg6 64. Rg4+ Kf5 65. Rf4+ Ke5 66. Re8+ 1-0